| 000 -LEADER |
| fixed length control field |
02351nam a22003737 4500 |
| 001 - CONTROL NUMBER |
| control field |
RU\PGU\BOOKS\2095 |
| 005 - DATE AND TIME OF LATEST TRANSACTION |
| control field |
20190423175653.0 |
| 008 - FIXED-LENGTH DATA ELEMENTS--GENERAL INFORMATION |
| fixed length control field |
190423s2006 ru ||||| |||| 00| 0 rus d |
| 020 ## - INTERNATIONAL STANDARD BOOK NUMBER |
| International Standard Book Number |
5209019624 |
| 040 ## - CATALOGING SOURCE |
| Original cataloging agency |
1901371X |
| 041 00 - LANGUAGE CODE |
| Language code of text/sound track or separate title |
rus |
| 080 00 - UNIVERSAL DECIMAL CLASSIFICATION NUMBER |
| Universal Decimal Classification number |
341.225.5(075.8) |
| 090 ## - LOCALLY ASSIGNED LC-TYPE CALL NUMBER (OCLC); LOCAL CALL NUMBER (RLIN) |
| Classification number (OCLC) (R) ; Classification number, CALL (RLIN) (NR) |
1901616 |
| 091 00 - MICROFILM SHELF LOCATION (AM) [OBSOLETE] |
| Microfilm shelf location |
Х912.52я73-1 |
| 091 ## - MICROFILM SHELF LOCATION (AM) [OBSOLETE] |
| Microfilm shelf location |
67.91 |
| 091 ## - MICROFILM SHELF LOCATION (AM) [OBSOLETE] |
| Microfilm shelf location |
34М |
| 092 00 - LOCALLY ASSIGNED DEWEY CALL NUMBER (OCLC) |
| Classification number |
10.87 |
| 100 1# - MAIN ENTRY--PERSONAL NAME |
| Personal name |
Сокиркин, Владимир Алексеевич |
| 9 (RLIN) |
441 |
| 245 00 - TITLE STATEMENT |
| Title |
Международное морское право : |
| Remainder of title |
учебное пособие / |
| Medium |
Текст. |
| Number of part/section of a work |
Ч. 1-3 |
| Name of part/section of a work |
Ч.1: Субъекты международного морского права. Взаимоотношения между субъектами международного морского права |
| -- |
Ч.2: Правовой режим путей международного торгового судоходства |
| -- |
Ч.3: Международное морское транспортное право |
| Statement of responsibility, etc. |
В. А. Сокиркин, В. С. Шитарёв |
| 260 ## - PUBLICATION, DISTRIBUTION, ETC. |
| Place of publication, distribution, etc. |
М. : |
| Name of publisher, distributor, etc. |
Изд-во Рос. ун-та дружбы народов, |
| Date of publication, distribution, etc. |
2006. |
| 300 ## - PHYSICAL DESCRIPTION |
| Extent |
299, [1] с. |
| Dimensions |
21 см. |
| 500 ## - GENERAL NOTE |
| General note |
500 экз. |
| 504 ## - BIBLIOGRAPHY, ETC. NOTE |
| Bibliography, etc. note |
Библиогр.: с. 297-300 |
| 520 ## - SUMMARY, ETC. |
| Summary, etc. |
В пособии рассматриваются проблемы судоходства на основании Конвенции ООН по морскому праву 1982 г. и связанные с ней международные конвенции |
| 521 0# - TARGET AUDIENCE NOTE |
| Target audience note |
Для студентов, аспирантов и стажеров юридических факультетов и вузов, специализирующихся по международному праву, а также курсантов морских колледжей и академий |
| 650 ## - SUBJECT ADDED ENTRY--TOPICAL TERM |
| Topical term or geographic name entry element |
Морское право международное |
| 9 (RLIN) |
442 |
| 653 ## - INDEX TERM--UNCONTROLLED |
| keyword |
სამართალი |
| 653 1# - INDEX TERM--UNCONTROLLED |
| keyword |
საჯარო სამართალი |
| 653 1# - INDEX TERM--UNCONTROLLED |
| keyword |
საერთაშორისო სამართალი |
| 700 ## - ADDED ENTRY--PERSONAL NAME |
| Personal name |
Шитарёв, Виктор Сергеевич |
| 9 (RLIN) |
445 |
| 710 ## - ADDED ENTRY--CORPORATE NAME |
| Miscellaneous information |
инновационная образовательная программа |
| 9 (RLIN) |
443 |
| 942 ## - ADDED ENTRY ELEMENTS (KOHA) |
| Source of classification or shelving scheme |
|
| Koha item type |
წიგნი |